Top 30 Best Football Strikers of All Time - Statistics

General Stats
  • This quiz has been taken 79 times
  • The average score is 19 of 30
Answer Stats
Top Striker Nationality % Correct
2 Ronaldo Nazário Brazil
98%
1 Pelé Brazil
94%
3 Gerd Müller Germany
89%
11 Zlatan Ibrahimović Sweden
85%
10 Luis Suárez Uruguay
83%
15 Didier Drogba Ivory Coast
82%
26 Erling Haaland Norway
82%
9 Robert Lewandowski Poland
82%
14 Harry Kane England
80%
6 Ferenc Puskás Hungary
78%
16 Samuel Eto'o Cameroon
75%
5 Eusébio Portugal
74%
25 Kylian Mbappé France
74%
4 Marco van Basten Netherlands
72%
27 George Weah Liberia
71%
19 Andriy Shevchenko Ukraine
69%
24 Sergio Agüero Argentina
66%
20 David Villa Spain
65%
7 Romário Brazil
63%
12 Alan Shearer England
62%
23 Fernando Torres Spain
58%
17 Ruud van Nistelrooy Netherlands
58%
13 Karim Benzema France
55%
30 Ian Rush Wales
51%
8 Gabriel Batistuta Argentina
48%
18 Filippo Inzaghi Italy
42%
22 Christian Vieri Italy
32%
21 Hernán Crespo Argentina
32%
28 Jimmy Greaves England
11%
29 Dixie Dean England
5%
No matching quizzes found
Score Distribution
Percent of People with Each Score
Percentile by Number Answered
Your Score History
You have not taken this quiz